000 00475nam a22001937a 4500
003 MPLRDC
005 20220104114247.0
008 210129b ||||| |||| 00| 0 eng d
020 _a962-451-336-8
082 _a857.8 XSXL v.2
100 _a树芬
245 _a和平饭店之爵士之恋
_c
250 _a初版一刷
260 _a
_b皇冠出版社有限公司
_c1995
300 _b
490 _a小说系列. 2
650 _a小说
942 _cBK
_o857.8 XSXL v.2
999 _c6099
_d6089